|
|
|
|
| LEADER |
01264ppm a22002778a 4500 |
| 001 |
00027193 |
| 005 |
20171026081022.0 |
| 008 |
111011s2010 ||||||viesd |
| 041 |
0 |
# |
|a vie
|
| 082 |
1 |
4 |
|b V121D
|a 516.23
|
| 100 |
1 |
# |
|a Nguyễn, Thị Thanh Loan
|
| 245 |
1 |
0 |
|a Vận dụng hình thức hoạt động nhóm trong dạy học Hình học không gian lớp 11 - Ban cơ bản
|b Khóa luận tốt nghiệp : Ngành Sư phạm Toán : Trình độ : Đại học
|c Nguyễn Thị Thanh Loan; Nguyễn Dương Hoàng hướng dẫn
|
| 260 |
# |
# |
|b Trường Đại học Đồng Tháp
|c 2010
|a Đồng Tháp
|
| 300 |
# |
# |
|a 83 tr.
|c 30 cm.
|b bảng
|e 1 bản tóm tắt
|
| 500 |
# |
# |
|a ĐTTTS ghi: Bộ Giáo dục và Đào tạo Đồng Tháp. Trường Đại học Đồng Tháp
|
| 502 |
# |
# |
|a Thư mục : tr.82 - 83
|
| 650 |
|
|
|a Hình học không gian
|
| 653 |
# |
# |
|a Phương pháp giảng dạy
|
| 700 |
1 |
# |
|a Nguyễn, Dương Hoàng
|e hướng dẫn
|
| 852 |
# |
# |
|b Kho đọc
|j KD.0011813
|
| 852 |
# |
# |
|j KD.0011813
|
| 910 |
# |
# |
|a Ntuyet
|d 11/10/2011
|
| 980 |
# |
# |
|a Trung tâm Học liệu Lê Vũ Hùng, Trường Đại học Đồng Tháp
|